[Event "FRA-chT U20 16 GP Haute 1213"]
[Site "France"]
[Date "2013.05.20"]
[Round "11"]
[White "Pham, Virgile"]
[Black "Buyukyalcin Moussa, Elyes"]
[Result "0-1"]
[WhiteElo "1390"]
[BlackElo "1440"]
[PlyCount "156"]
[EventDate "2012.12.01"]
[EventType "team"]
[EventRounds "11"]
[EventCountry "FRA"]
[SourceTitle "EXT 2014"]
[Source "ChessBase"]
[SourceDate "2013.11.20"]
[SourceVersion "1"]
[SourceVersionDate "2013.11.20"]
[SourceQuality "1"]
[WhiteTeam "Bois Colombes (U20)"]
[BlackTeam "Bischwiller (U20)"]
[WhiteTeamCountry "FRA"]
[BlackTeamCountry "FRA"]

1. e4 c5 2. Nf3 Nc6 3. d4 cxd4 4. Nxd4 g6 5. Nc3 Bg7 6. Be3 Nf6 7. Bc4 0-0 8. Qd2 d6 9. 0-0 Bg4 10. f3 Bd7 11. a3 Rc8 12. Qf2 Nxd4 13. Bxd4 Rxc4 14. Bxa7 Rc6 15. Be3 Be6 16. Rad1 Qc8 17. Qe2 Bc4 18. Qd2 Bxf1 19. Rxf1 Rd8 20. Rd1 Rd7 21. Bg5 Rcc7 22. Bxf6 Bxf6 23. e5 dxe5 24. Nd5 Rxd5 25. Qxd5 Rxc2 26. Qa5 Qc5+ 27. Qxc5 Rxc5 28. Rd7 Rc1+ 29. Kf2 Rc2+ 30. Ke3 Rxb2 31. Rd8+ Kg7 32. g4 Rb3+ 33. Ke4 Rxa3 34. h4 Bxh4 35. Rd7 Rb3 36. Kxe5 Rxf3 37. Rxb7 Bf6+ 38. Ke4 Ra3 39. Kf4 Ra4+ 40. Kf3 Ra1 41. Rb5 Ra3+ 42. Kf4 Ra4+ 43. Kf3 g5 44. Rd5 Rd4 45. Rb5 e5 46. Rb8 e4+ 47. Ke3 Ra4 48. Re8 Rb4 49. Rc8 Be5 50. Rc5 Bf4+ 51. Ke2 e3 52. Rc2 Rb1 53. Kf3 Re1 54. Kg2 e2 55. Kf2 Rh1 56. Rxe2 Rh2+ 57. Kf1 Rxe2 58. Kxe2 Kg6 59. Kf3 h5 60. gxh5+ Kxh5 61. Kg2 Kg4 62. Kg1 Kg3 63. Kh1 Bc1 64. Kg1 f5 65. Kf1 g4 66. Ke2 Kh2 67. Kd3 g3 68. Kd4 g2 69. Kc4 g1Q 70. Kb4 Qe3 71. Kc4 f4 72. Kb4 Qd3 73. Kc5 f3 74. Kb4 Qc2 75. Ka5 Qb1 76. Ka4 f2 77. Ka5 f1R 78. Ka6 Rf2 0-1

[Event "FRA-chT U20 16 GP Haute 1213"]
[Site "France"]
[Date "2013.05.19"]
[Round "10"]
[White "Pham, Virgile"]
[Black "Christien, Vincent"]
[Result "1-0"]
[WhiteElo "1390"]
[BlackElo "1424"]
[PlyCount "87"]
[EventDate "2012.12.01"]
[EventType "team"]
[EventRounds "11"]
[EventCountry "FRA"]
[SourceTitle "EXT 2014"]
[Source "ChessBase"]
[SourceDate "2013.11.20"]
[SourceVersion "1"]
[SourceVersionDate "2013.11.20"]
[SourceQuality "1"]
[WhiteTeam "Bois Colombes (U20)"]
[BlackTeam "Cannes (U20)"]
[WhiteTeamCountry "FRA"]
[BlackTeamCountry "FRA"]

1. e4 c5 2. Nf3 Nc6 3. d4 cxd4 4. Nxd4 Nf6 5. Nc3 e5 6. Nf3 Bb4 7. Bc4 Nxe4 8. Qd5 Nd6 9. Bb3 Qe7 10. 0-0 Bxc3 11. bxc3 0-0 12. Ba3 e4 13. Bxd6 exf3 14. Bxe7 Nxe7 15. Qxf3 Ng6 16. Rfe1 d6 17. Qh5 Ne5 18. Rad1 Bg4 19. Qg5 Bxd1 20. Rxd1 Rad8 21. Rd4 Rfe8 22. Rh4 Ng6 23. Re4 Ne5 24. h3 h6 25. Qf4 g5 26. Qf6 Rf8 27. Qxh6 Ng6 28. Qxg6+ Kh8 29. Bxf7 Rd7 30. Qf6+ Kh7 31. Qf5+ Kg7 32. Qxd7 Rxf7 33. Re7 Rxe7 34. Qxe7+ Kh6 35. Qxd6+ Kg7 36. Qe7+ Kg6 37. Qe6+ Kg7 38. g3 b5 39. h4 gxh4 40. gxh4 b4 41. h5 b3 42. cxb3 a5 43. Qg6+ Kh8 44. h6 1-0

[Event "FRA-chT U20 16 GP Haute 1213"]
[Site "France"]
[Date "2013.05.18"]
[Round "8"]
[White "Pham, Virgile"]
[Black "Gospodaru, Teodora"]
[Result "1/2-1/2"]
[WhiteElo "1390"]
[BlackElo "1300"]
[PlyCount "153"]
[EventDate "2012.12.01"]
[EventType "team"]
[EventRounds "11"]
[EventCountry "FRA"]
[SourceTitle "EXT 2014"]
[Source "ChessBase"]
[SourceDate "2013.11.20"]
[SourceVersion "1"]
[SourceVersionDate "2013.11.20"]
[SourceQuality "1"]
[WhiteTeam "Bois Colombes (U20)"]
[BlackTeam "Nancy (U20)"]
[WhiteTeamCountry "FRA"]
[BlackTeamCountry "FRA"]

1. e4 e5 2. Nf3 Nc6 3. Bc4 Nf6 4. Nc3 Nxe4 5. Nxe4 d5 6. Bd3 dxe4 7. Bxe4 Bg4 8. h3 Bh5 9. 0-0 Bc5 10. Qe2 0-0 11. Bxc6 bxc6 12. Qxe5 Bxf3 13. Qxc5 Bd5 14. d3 Qf6 15. Qe3 h6 16. Qg3 Rfe8 17. Bd2 Re2 18. Bc3 Qg5 19. Qxg5 hxg5 20. Rac1 c5 21. Rfe1 Rae8 22. Kf1 Rxe1+ 23. Rxe1 Rxe1+ 24. Bxe1 c4 25. b3 cxd3 26. cxd3 Kf8 27. Bd2 f6 28. f4 gxf4 29. Bxf4 c6 30. g3 Ke7 31. Ke2 Ke6 32. Ke3 g5 33. Bc7 Bg2 34. h4 gxh4 35. gxh4 Kf5 36. Kf2 Bd5 37. Kg3 Kg6 38. Kf4 Kh5 39. Bd8 Kxh4 40. Bxf6+ Kh3 41. Ke3 Kg2 42. Ke2 Bf3+ 43. Ke3 Bd5 44. Kd2 Kf3 45. Kc3 Ke2 46. Bg5 a6 47. Kc2 Ke1 48. Bd2+ Ke2 49. Bb4 Ke3 50. Kc3 Kf4 51. Kd4 Kf5 52. Kc5 Kf4 53. Bd2+ Kf3 54. Bg5 Ke2 55. d4 Kd3 56. Bf6 Kc2 57. Kb6 Kb2 58. Kxa6 Kxa2 59. b4 Kb3 60. Ka5 Kc4 61. Ka4 Be6 62. Ka5 Bd7 63. Ka4 c5+ 64. Ka3 cxb4+ 65. Kb2 Ba4 66. Kc1 Kd5 67. Kb2 b3 68. Kc3 Ke4 69. Be5 Kd5 70. Bg7 Ke4 71. Be5 Kd5 72. Bh8 Ke4 73. Bg7 Ke3 74. d5 Ke2 75. d6 Kd1 76. d7 Bxd7 77. Kxb3 1/2-1/2

[Event "FRA-chT U20 GpB 1213"]
[Site "France"]
[Date "2013.01.06"]
[Round "7"]
[White "Labesse, Pierre"]
[Black "Pham, Virgile"]
[Result "0-1"]
[WhiteElo "1270"]
[BlackElo "1390"]
[PlyCount "36"]
[EventDate "2012.12.01"]
[EventType "team"]
[EventRounds "7"]
[EventCountry "FRA"]
[SourceTitle "EXT 2014"]
[Source "ChessBase"]
[SourceDate "2013.11.20"]
[SourceVersion "1"]
[SourceVersionDate "2013.11.20"]
[SourceQuality "1"]
[WhiteTeam "Saint Mande U20"]
[BlackTeam "Bois Colombes (U20)"]
[WhiteTeamCountry "FRA"]
[BlackTeamCountry "FRA"]

1. e4 e5 2. Nf3 Nc6 3. Bc4 Bc5 4. d3 h6 5. Nc3 Nf6 6. 0-0 d6 7. Bd2 Bg4 8. h3 Be6 9. Qe2 0-0 10. Rae1 Nh5 11. Be3 Bxe3 12. Qxe3 Nf4 13. Bxe6 fxe6 14. Qd2 Nxh3+ 15. gxh3 Rxf3 16. Kh2 Qh4 17. Re2 Rxh3+ 18. Kg2 Qg4# 0-1

[Event "FRA-chT U20 GpB 1213"]
[Site "France"]
[Date "2013.01.05"]
[Round "5"]
[White "Lialy Yao, Makine"]
[Black "Pham, Virgile"]
[Result "0-1"]
[WhiteElo "1270"]
[BlackElo "1390"]
[PlyCount "100"]
[EventDate "2012.12.01"]
[EventType "team"]
[EventRounds "7"]
[EventCountry "FRA"]
[SourceTitle "EXT 2014"]
[Source "ChessBase"]
[SourceDate "2013.11.20"]
[SourceVersion "1"]
[SourceVersionDate "2013.11.20"]
[SourceQuality "1"]
[WhiteTeam "Villepinte (U20)"]
[BlackTeam "Bois Colombes (U20)"]
[WhiteTeamCountry "FRA"]
[BlackTeamCountry "FRA"]

1. d4 e6 2. e4 Nf6 3. e5 Nd5 4. Nf3 d6 5. Be2 f6 6. 0-0 Nc6 7. exf6 Nxf6 8. Nc3 Be7 9. Re1 0-0 10. Bd3 h6 11. a3 Bd7 12. b4 a6 13. Bb2 Rc8 14. Ne2 Qe8 15. c4 b6 16. Qc2 Nb8 17. Nf4 Bc6 18. Nd2 Ng4 19. Nh3 Qh5 20. Re2 Bh4 21. Rf1 Nf6 22. f3 Qf7 23. Bg6 Qe7 24. d5 Bd7 25. Bf5 Rce8 26. dxe6 Bxe6 27. Rxe6 Qf7 28. Rxe8 Rxe8 29. Bg6 Qe7 30. Bxe8 Qxe8 31. Bxf6 Bxf6 32. Kh1 Nc6 33. Qe4 Ne5 34. f4 Qh5 35. fxe5 Bxe5 36. g4 Qxh3 37. Qg2 Qxa3 38. Qa8+ Kh7 39. Qe4+ Kg8 40. Qf3 Qb2 41. Qf8+ Kh7 42. Qf5+ Kg8 43. Qf2 Qxb4 44. Qe2 Qc5 45. Rf5 Qc6+ 46. Qf3 Qe8 47. Rf8+ Qxf8 48. Qd5+ Kh8 49. Nf3 Qf4 50. Nh4 Qf1# 0-1

[Event "FRA-chT U20 GpB 1213"]
[Site "France"]
[Date "2013.01.05"]
[Round "6"]
[White "Pham, Virgile"]
[Black "Conan, Perceval"]
[Result "1-0"]
[WhiteElo "1390"]
[BlackElo "1260"]
[PlyCount "47"]
[EventDate "2012.12.01"]
[EventType "team"]
[EventRounds "7"]
[EventCountry "FRA"]
[SourceTitle "EXT 2014"]
[Source "ChessBase"]
[SourceDate "2013.11.20"]
[SourceVersion "1"]
[SourceVersionDate "2013.11.20"]
[SourceQuality "1"]
[WhiteTeam "Bois Colombes (U20)"]
[BlackTeam "Lutece (U20)"]
[WhiteTeamCountry "FRA"]
[BlackTeamCountry "FRA"]

1. e4 e5 2. Nf3 Nc6 3. Bc4 Bc5 4. Nc3 Nf6 5. d3 d6 6. h3 Bd7 7. Bg5 Nb4 8. a3 Nc6 9. Nd5 Be6 10. 0-0 Bxd5 11. Bxd5 0-0 12. Qd2 Bd4 13. c3 Bc5 14. a4 h6 15. Bxf6 Qxf6 16. b4 Bb6 17. a5 Bxf2+ 18. Rxf2 Kh8 19. Nd4 Qg6 20. Nxc6 bxc6 21. Bxc6 Rad8 22. Raf1 f6 23. d4 Qxe4 24. Bxe4 1-0

[Event "FRA-chT U20 GpB 1213"]
[Site "France"]
[Date "2013.01.05"]
[Round "5"]
[White "Pham, Virgile"]
[Black "Grimaldi, Antonin"]
[Result "1-0"]
[WhiteElo "1390"]
[BlackElo "1266"]
[PlyCount "73"]
[EventDate "2012.12.01"]
[EventType "team"]
[EventRounds "7"]
[EventCountry "FRA"]
[SourceTitle "EXT 2014"]
[Source "ChessBase"]
[SourceDate "2013.11.20"]
[SourceVersion "1"]
[SourceVersionDate "2013.11.20"]
[SourceQuality "1"]
[WhiteTeam "Bois Colombes (U20)"]
[BlackTeam "Villepinte (U20)"]
[WhiteTeamCountry "FRA"]
[BlackTeamCountry "FRA"]

1. e4 e5 2. Nf3 Nc6 3. Bc4 Bc5 4. Nc3 Nf6 5. d3 d6 6. h3 h6 7. Be3 Bb6 8. 0-0 0-0 9. Na4 Bxe3 10. fxe3 Be6 11. Bb3 Na5 12. Nc3 Nxb3 13. axb3 Qd7 14. Kh2 Nh7 15. d4 exd4 16. exd4 c6 17. e5 f6 18. exf6 Rxf6 19. Ne4 Rff8 20. Qd3 d5 21. Nc5 Qd6+ 22. Kg1 Bf5 23. Qc3 Qg3 24. Ne5 Qxc3 25. bxc3 Bxc2 26. Rac1 Rxf1+ 27. Rxf1 b6 28. Ncd3 Bxb3 29. Nxc6 Rc8 30. Ne7+ Kh8 31. Nxc8 Bc4 32. Rd1 a5 33. Nxb6 Ba6 34. Ne5 g5 35. Nxd5 a4 36. Ra1 Bc4 37. Nxc4 1-0

[Event "FRA-chT U20 GpB 1213"]
[Site "France"]
[Date "2013.01.04"]
[Round "4"]
[White "Hadji, Rasla"]
[Black "Pham, Virgile"]
[Result "0-1"]
[WhiteElo "1240"]
[BlackElo "1390"]
[PlyCount "196"]
[EventDate "2012.12.01"]
[EventType "team"]
[EventRounds "7"]
[EventCountry "FRA"]
[SourceTitle "EXT 2014"]
[Source "ChessBase"]
[SourceDate "2013.11.20"]
[SourceVersion "1"]
[SourceVersionDate "2013.11.20"]
[SourceQuality "1"]
[WhiteTeam "Clichy (U20)"]
[BlackTeam "Bois Colombes (U20)"]
[WhiteTeamCountry "FRA"]
[BlackTeamCountry "FRA"]

1. e4 e5 2. Nf3 Nc6 3. d4 d6 4. dxe5 dxe5 5. Qxd8+ Nxd8 6. Nxe5 Bc5 7. Nc3 Nf6 8. Bd3 Bd7 9. 0-0 Nc6 10. Nxd7 Nxd7 11. Nd5 Bd6 12. Be3 0-0 13. Bb5 Rfe8 14. Bd3 Nce5 15. Bd4 c6 16. Nc3 Bc5 17. Bxe5 Rxe5 18. Rad1 Nf6 19. Rd2 Rd8 20. Rfd1 h6 21. Kh1 Ng4 22. f4 Nf2+ 23. Rxf2 Bxf2 24. fxe5 Re8 25. Bc4 Rxe5 26. Rd8+ Kh7 27. g4 Rg5 28. Kg2 Bb6 29. Rd7 Rxg4+ 30. Kf3 Rg5 31. Rxf7 Rc5 32. Bd3 Rh5 33. e5+ Kg8 34. Bc4 Rxh2 35. Rxb7+ Kf8 36. Rf7+ Ke8 37. Rxg7 Rf2+ 38. Ke4 Rxc2 39. Kf5 Rxb2 40. Ke6 Kf8 41. Rb7 Rb4 42. Bb3 c5 43. Kf6 Bd8+ 44. Kg6 Rxb7 45. e6 Bg5 46. Nd5 Rg7+ 47. Kf5 h5 48. Ke4 h4 49. Kf3 h3 50. Kg3 Rh7 51. Kh2 Be7 52. Nxe7 Kxe7 53. Bc2 Rh5 54. Bd1 Re5 55. Kxh3 Rxe6 56. Kg3 c4 57. Bc2 Re2 58. Bd1 Rxa2 59. Kf3 c3 60. Ke3 c2 61. Bxc2 Rxc2 62. Kd3 Rh2 63. Kc4 Rh5 64. Kb4 Kd6 65. Ka4 Kc6 66. Kb4 Rg5 67. Ka4 Kb6 68. Kb4 Rg4+ 69. Kb3 Kb5 70. Kc3 Rh4 71. Kd3 Kc5 72. Ke3 Kd5 73. Kf3 Ke5 74. Kg3 Ra4 75. Kf3 Rb4 76. Kg3 Kf5 77. Kh3 Kg5 78. Kg3 Rb3+ 79. Kg2 Kg4 80. Kf2 Ra3 81. Ke2 Kf4 82. Kd2 Ke4 83. Kc2 Kd4 84. Kb2 Rh3 85. Kc2 Rg3 86. Kb2 Kc4 87. Ka2 Kb4 88. Kb2 Rg2+ 89. Kb1 Kb3 90. Kc1 Rh2 91. Kd1 Kc3 92. Ke1 Kd3 93. Kf1 Ke3 94. Kg1 Ra2 95. Kf1 Rb2 96. Kg1 Kf3 97. Kh1 Kg3 98. Kg1 Rb1# 0-1